000 00530nam a22001457a 4500
999 _c5207
_d5207
008 170306b xxu||||| |||| 00| 0 eng d
020 _a0-538-86137-1
082 _a658.3 DOW
100 _aDOWLING Peter
245 _aInternational Human Resource Management
_bManaging people in a Multinational
_cPeter J. Dowling, Denice E. Welch and Randall S. Schuler
_hEnglish
260 _aNew York
_bSouth-WesternCollege
_c1999
300 _a324p
_c21cm
650 _2International business enteprieses-personal management
942 _2ddc
_cBOOKS